Bong Joon Ho filmography [Cine2Nerdle] - Statistics

General Stats
  • This quiz has been taken 3 times
  • The average score is 10 of 16
Answer Stats
Role Film (year) % Correct
[C] Director / Writer / Producer (2025) Mickey 17 (2025)
100%
[C] Director / Writer / Producer (2017) Okja (2017)
100%
[C] Director / Writer (2013) Snowpiercer (2013)
100%
[C] Director / Writer (2006) The Host (2006)
100%
[C] Director / Writer (2000) Barking Dogs Never Bite (2000)
67%
English Teacher Crush and Blush (2008)
67%
[C] Director / Writer (2003) Memories of Murder (2003)
67%
[C] Director / Writer (2009) Mother (2009)
67%
[C] Director / Writer / Producer (2019) Parasite (2019)
67%
[C] Writer / Producer (2014) Sea Fog (2014)
67%
[C] Writer (2005) Antarctic Journal (2005)
33%
Lee Joon-ho Doomsday Book (2012)
33%
[C] Assistant Director / Writer Motel Cactus (1997)
33%
[C] Writer (1999) Phantom: The Submarine (1999)
33%
[C] Director / Writer (2008) Tokyo! (2008)
33%
Officer No Blood No Tears (2002)
0%
No matching quizzes found
Score Distribution
Percent of People with Each Score
Percentile by Number Answered
Your Score History
You have not taken this quiz